Missing Word: Film Series Quiz Stats

 Plays Quiz Updated Jun 25, 2020

Support Sporcle.
Go Orange.
Score 0/22 Timer 02:00
1 Play Today
Series Missing Word % Correct
Pirates of the CaribbeanEnd
95.5%
Star WarsEmpire
94.6%
Star WarsReturn
94.5%
Monty PythonGrail
91.3%
Indiana JonesDoom
90.1%
Indiana JonesRaiders
89.8%
Pirates of the CaribbeanChest
89.6%
Star WarsForce
89%
Star WarsJedi
88.6%
Star WarsPhantom
84.2%
Pirates of the CaribbeanCurse
82.5%
Series Missing Word % Correct
Star WarsClones
82.2%
Indiana JonesSkull
81.3%
Star WarsSith
80.7%
Pirates of the CaribbeanTales
79%
Pirates of the CaribbeanTides
74.2%
Indiana JonesCrusade
72.7%
Star WarsRise
71.4%
Star WarsHope
66.1%
Monty PythonBrian
63.6%
Monty PythonCompletely
58.1%
Monty PythonMeaning
51.2%

Today's Daily Dose

You're not logged in!

Compare scores with friends on all Sporcle quizzes.
OR
Log In
Forgot?

From the Vault

Click-A-Sandler

by g_norm

Match the movie to the correct immature man-child character.
Remove Ads.
Support Sporcle.
Get the best of Sporcle when you Go Orange. This ad-free experience offers more features, more stats, and more fun while also helping to support Sporcle. Thank you for becoming a member.

Show Comments

Extras

Top Quizzes Today


Score Distribution

Your Account Isn't Verified!

In order to create a playlist on Sporcle, you need to verify the email address you used during registration. Go to your Sporcle Settings to finish the process.

Report this User

Report this user for behavior that violates our Community Guidelines.

Details: